000 00276 a2200109 4500
001 64614
082 _a005.369 CAT
090 _c38213
_d38213
100 _aCatapult
245 _aMicrosoft excel for windows 95 step by step with CD
260 _aWashington
_bMicrosoft Press
942 _aNUST-CAE
_k005.369 CAT
999 _c299687
_d299687